Statistics for Largest Cities in the Mid-Atlantic

Click here to take the quiz!

General Stats

  • This quiz has been taken 66 times
    (62 since last reset)
  • The average score is 9 of 10

Answer Stats

PopulationAnswer% Correct
8,622,698New York
100%
611,648Baltimore
96%
1,580,863Philadelphia
96%
693,972Washington
96%
302,407Pittsburgh
93%
285,154Newark
87%
450,435Virginia Beach
80%
270,753Jersey City
78%
244,703Norfolk
74%
258,612Buffalo
70%

Score Distribution

Percentile by Number Answered

Percent of People with Each Score

Your Score History

You have not taken this quiz since the last reset